| 000 | 00674cam a22002291 4500 | ||
|---|---|---|---|
| 001 | he 67001907 | ||
| 003 | DLC | ||
| 005 | 20260227111450.0 | ||
| 008 | 840125s1965 is 000 0 heb | ||
| 010 | _ahe 67001907 | ||
| 035 | _a(OCoLC)19148248 | ||
| 040 |
_aDLC _cMH _dDLC |
||
| 042 | _apremarc | ||
| 050 | 0 | 0 |
_aHF5549 _b.M3445 |
| 110 | 2 | _aMerkaz ha-Yiśreʼeli le-nihul. | |
| 245 | 1 | 0 |
_aMenahale ha-ʻavodah ba-taʼaśiyah : _bḳovets hartsaʼot. |
| 260 |
_a[Tel Aviv] : _bha-Merkaz ha-Yiśreʼeli le-nihul, _c[1965] |
||
| 300 |
_a136, 2 p. : _bill. ; _c25 cm. |
||
| 490 | 0 |
_aNihul yitsur ; _vY-7 |
|
| 650 | 0 | _aSupervisors, Industrial. | |
| 752 |
_aIsrael _dTel Aviv |
||
| 999 |
_c32682 _d32682 |
||